Nuevo epítome de gramática latina, ó verdadero método de enseñar el latín á un principiante / (Record no. 159319)

MARC details
000 -LEADER
campo de control de longitud fija 01099nam a22002535i 4500
001 - NÚMERO DE CONTROL
campo de control 159319
003 - IDENTIFICADOR DE NÚMERO DE CONTROL
campo de control ES-MaACL
005 - FECHA Y HORA DE LA ÚLTIMA TRANSACCIÓN
campo de control 20250724052153.0
008 - DATOS DE LONGITUD FIJA--INFORMACIÓN GENERAL
campo de control de longitud fija 990407s1804 sp |||| | spa d
080 ## - NÚMERO DE LA CLASIFICACIÓN DECIMAL UNIVERSAL
Número de la Clasificación Decimal Universal 811.124(075.4)
100 1# - ENTRADA PRINCIPAL--NOMBRE DE PERSONA
Nombre de persona Mello e Menezes, Diogo de (
Fechas asociadas al nombre 1751-1847)
9 (RLIN) 129812
245 10 - MENCIÓN DEL TÍTULO
Título Nuevo epítome de gramática latina, ó verdadero método de enseñar el latín á un principiante /
Mención de responsabilidad, etc. compuesto en lengua portuguesa por Diego de Mello y Meneses.
250 ## - MENCION DE EDICION
Mención de edición 2ª ed., corr. y aum. considerablemente para uso de la juventud por Luis de Mata Araujo.
260 ## - PUBLICACIÓN, DISTRIBUCIÓN, ETC.
Lugar de publicación, distribución, etc. Madrid :
Nombre del editor, distribuidor, etc. Imprenta Real :
-- Librería de Antonio Baylo,
Fecha de publicación, distribución, etc. 1804.
300 ## - DESCRIPCIÓN FÍSICA
Extensión 200 p. ;
Dimensiones 15 cm.
546 ## - NOTA DE IDIOMA
Nota de lengua/lenguaje Texto en latín y español.
597 ## - NOTA DE DESCRIPCIÓN FÍSICA
NOTA DE DESCRIPCIÓN FÍSICA Signaturizado.
650 #4 - PUNTO DE ACCESO ADICIONAL DE MATERIA--TÉRMINO DE MATERIA
Término de materia o nombre geográfico como elemento de entrada Lengua latina-
Subdivisión general Gramática.
9 (RLIN) 14300
650 #4 - PUNTO DE ACCESO ADICIONAL DE MATERIA--TÉRMINO DE MATERIA
Término de materia o nombre geográfico como elemento de entrada Lengua latina-
Subdivisión de forma Métodos.
9 (RLIN) 162340
700 1# - ENTRADA AGREGADA--NOMBRE PERSONAL
Nombre de persona Mata y Araujo, Luis de,
Fechas asociadas al nombre ca. 1785-1848
9 (RLIN) 129716
852 ## - LOCALIZACIÓN
Ubicación ES-MaACL
Número de control de estantería R-575(1)
Nota libre - Enc. perg.
-- - Ex-libris ms. de Teodoro García Pinillos
Encuadernación Olim: G-668
942 ## - ELEMENTOS DE ENTRADA SECUNDARIOS (KOHA)
Fuente del sistema de clasificación o colocación Clasificación decimal universal
Holdings
Estatus retirado Estado de pérdida Estado de daño No para préstamo Colección Biblioteca de origen Biblioteca actual Ubicación en estantería Fecha de adquisición Fuente de adquisición Total de préstamos Signatura topográfica completa Código de barras Visto por última vez Precio de reemplazo Tipo de ítem Koha
        Libros del s. XIX Biblioteca del Ateneo de Madrid Biblioteca del Ateneo de Madrid Depósito 17/01/2008     R-575(1) 1166785 23/02/2023 23/02/2023 Libro impreso antiguo